Datum a čas kvízu
35
Celkem bodů
Celkový počet nahraných bodů na tomto kvízu bez doplňovacích otázek.
3.
Pořadí na kvízu
Konečné umístění týmu na tomto kvízu.
Zaznamenané odpovědi
| # | Otázka | Odpověď | Body | Výsledky |
|---|---|---|---|---|
| 1. | Vandalský čin, který se udál b... | mandala | 1 | |
| 2. | Novozélandští vědci zkoumali v... | úhoř | 0 | |
| 3. | Tato 26letá americká zpěvačka... | Ariana Grande | 1 | |
| 4. | Sociální síť Facebook oznámila... | o seznamku | 1 | |
| 5. | Zkušená americká tenistka Sere... | Bianca Andreescuová | 1 | |
| 6. | V tomto tématu se podíváme na... | Genesis | 1 | |
| 7. | Svátek Roš ha-šana (jako větši... | Nový rok | 0 | |
| 8. | Jak se nazývá osmidenní židovs... | Chanuka | 1 | |
| 9. | V této otázce nás nebude zajím... | Šestidenní válka | 0 | |
| 10. | Na závěr se vrátíme opět ke sv... | B | 1 |